Datum a čas kvízu
29.5
Celkem bodů
Celkový počet nahraných bodů na tomto kvízu bez doplňovacích otázek.
7.
Pořadí na kvízu
Konečné umístění týmu na tomto kvízu.
Zaznamenané odpovědi
| # | Otázka | Odpověď | Body | Výsledky |
|---|---|---|---|---|
| 1. | Své členství v hnutí ANO minul... | Petr Vokřál | 0 | |
| 2. | Expedice Tatra kolem světa, kt... | Írán | 1 | |
| 3. | Na začátku minulého týdne bylo... | Jaroslav Uhlíř | 1 | |
| 4. | Společnost RegioJet chystá pří... | Rijeka | 0 | |
| 5. | Aktuální lídr turecké fotbalov... | Trabzonspor | 1 | |
| 6. | Clint Eastwood oslavil posledn... | hrst, pár | 1 | |
| 7. | V souvislosti s Eastwoodem byc... | Sergio Leone, Ennio Morricone | 1 | |
| 8. | Který z těchto filmů Eastwood... | D | 1 | |
| 9. | Nechybělo mnoho a toto téma by... | C | 0 | |
| 10. | Jednou z nejznámějších písní v... | Blur | 0 |